<?xml version="1.0" encoding="UTF-8"?>
<record
    xmlns:xsi="http://www.w3.org/2001/XMLSchema-instance"
    xsi:schemaLocation="http://www.loc.gov/MARC21/slim http://www.loc.gov/standards/marcxml/schema/MARC21slim.xsd"
    xmlns="http://www.loc.gov/MARC21/slim">

  <leader>02923nam a2200577Ia 4500</leader>
  <controlfield tag="001">607</controlfield>
  <controlfield tag="008">241029s9999    xx            000 0 und d</controlfield>
  <datafield tag="010" ind1=" " ind2=" ">
    <subfield code="a">549</subfield>
  </datafield>
  <datafield tag="041" ind1=" " ind2=" ">
    <subfield code="a">Espa&#xF1;ol</subfield>
  </datafield>
  <datafield tag="082" ind1=" " ind2=" ">
    <subfield code="a">INTEC/CyH-0166</subfield>
  </datafield>
  <datafield tag="245" ind1=" " ind2="0">
    <subfield code="a">An&#xE1;lisis de las dificultades en el proceso de ense&#xF1;anza-aprendizaje de la Lecto-Escritura. Caso: Escuela de educaci&#xF3;n b&#xE1;sica, Rep&#xFA;blica de Costa Rica, 2do. Grado del 1er. Ciclo de b&#xE1;sica, Santo Domingo, A&#xF1;o 2012</subfield>
  </datafield>
  <datafield tag="260" ind1=" " ind2=" ">
    <subfield code="a">Distrito Nacional</subfield>
  </datafield>
  <datafield tag="300" ind1=" " ind2=" ">
    <subfield code="a">99</subfield>
  </datafield>
  <datafield tag="520" ind1=" " ind2=" ">
    <subfield code="a">12</subfield>
  </datafield>
  <datafield tag="630" ind1=" " ind2=" ">
    <subfield code="a">Competencia Ling&#xFC;&#xED;stica</subfield>
  </datafield>
  <datafield tag="630" ind1=" " ind2=" ">
    <subfield code="a">Comprensi&#xF3;n Lectora</subfield>
  </datafield>
  <datafield tag="630" ind1=" " ind2=" ">
    <subfield code="a">H&#xE1;bito de Lectura</subfield>
  </datafield>
  <datafield tag="630" ind1=" " ind2=" ">
    <subfield code="a">Lenguaje y Lenguas-Ense&#xF1;anza</subfield>
  </datafield>
  <datafield tag="630" ind1=" " ind2=" ">
    <subfield code="a">Producci&#xF3;n Escrita</subfield>
  </datafield>
  <datafield tag="650" ind1=" " ind2=" ">
    <subfield code="a">Competencia Ling&#xFC;&#xED;stica</subfield>
  </datafield>
  <datafield tag="690" ind1=" " ind2=" ">
    <subfield code="a">Elaborado</subfield>
  </datafield>
  <datafield tag="700" ind1=" " ind2=" ">
    <subfield code="e">asesor</subfield>
    <subfield code="a">Artidiello, Mabel</subfield>
  </datafield>
  <datafield tag="700" ind1=" " ind2=" ">
    <subfield code="e">autor</subfield>
    <subfield code="a">P&#xE9;rez Ma&#xF1;an&#xE1;, Ivelisse Altagracia</subfield>
  </datafield>
  <datafield tag="700" ind1=" " ind2=" ">
    <subfield code="e">asesor</subfield>
    <subfield code="a">Benavides, Celso</subfield>
  </datafield>
  <datafield tag="901" ind1=" " ind2=" ">
    <subfield code="a">{"1":"P&#xE9;rez Ma&#xF1;an&#xE1;"}</subfield>
    <subfield code="b">{"1":"Ivelisse Altagracia"}</subfield>
  </datafield>
  <datafield tag="902" ind1=" " ind2=" ">
    <subfield code="a">2</subfield>
  </datafield>
  <datafield tag="903" ind1=" " ind2=" ">
    <subfield code="a">{"1":"Benavides","2":"Artidiello"}</subfield>
    <subfield code="b">{"1":"Celso","2":"Mabel"}</subfield>
  </datafield>
  <datafield tag="904" ind1=" " ind2=" ">
    <subfield code="a">Maestr&#xED;a en</subfield>
  </datafield>
  <datafield tag="905" ind1=" " ind2=" ">
    <subfield code="a">Ling&#xFC;&#xED;stica Aplicada</subfield>
  </datafield>
  <datafield tag="906" ind1=" " ind2=" ">
    <subfield code="a">2</subfield>
  </datafield>
  <datafield tag="907" ind1=" " ind2=" ">
    <subfield code="a">NO APLICA</subfield>
  </datafield>
  <datafield tag="908" ind1=" " ind2=" ">
    <subfield code="a">NO APLICA</subfield>
  </datafield>
  <datafield tag="909" ind1=" " ind2=" ">
    <subfield code="a">Instituto Tecnol&#xF3;gico de Santo Domingo (INTEC)</subfield>
  </datafield>
  <datafield tag="910" ind1=" " ind2=" ">
    <subfield code="a">NULL</subfield>
    <subfield code="b">NULL</subfield>
  </datafield>
  <datafield tag="911" ind1=" " ind2=" ">
    <subfield code="a">["1"]</subfield>
  </datafield>
  <datafield tag="912" ind1=" " ind2=" ">
    <subfield code="a">NO APLICA</subfield>
  </datafield>
  <datafield tag="913" ind1=" " ind2=" ">
    <subfield code="a">NULL</subfield>
  </datafield>
  <datafield tag="914" ind1=" " ind2=" ">
    <subfield code="a">01 de Marzo de 2012</subfield>
  </datafield>
  <datafield tag="915" ind1=" " ind2=" ">
    <subfield code="a">-693625</subfield>
  </datafield>
  <datafield tag="916" ind1=" " ind2=" ">
    <subfield code="a">NULL</subfield>
  </datafield>
  <datafield tag="917" ind1=" " ind2=" ">
    <subfield code="a">NULL</subfield>
  </datafield>
  <datafield tag="918" ind1=" " ind2=" ">
    <subfield code="a">NO APLICA</subfield>
  </datafield>
  <datafield tag="919" ind1=" " ind2=" ">
    <subfield code="a">["37","43","115","130","166"]</subfield>
  </datafield>
  <datafield tag="520" ind1=" " ind2=" ">
    <subfield code="a">La metodolog&#xED;a empleada fue de car&#xE1;cter cualitativo y cuantitativo, se aplicaron t&#xE9;cnicas de observaci&#xF3;n, entrevistas y encuestas, tambi&#xE9;n es descriptivo y exploratorio. La poblaci&#xF3;n estuvo constituida por doscientos treinta y cuatro (234) estudiantes, seis (6) maestros y un (1) director de la Escuela Costa Rica.Entre las principales conclusiones, se destaca que todos los maestros de Segundo Grado, planifican acorde a los contenidos que establece el curr&#xED;culo, esto quiere decir, que el Centro se preocupa para que los ni&#xF1;os reciban una educaci&#xF3;n adecuada para su nivel. Se visualiz&#xF3;, adem&#xE1;s que es evidente, que existe un porcentaje significativo de los contenidos que los estudiantes no aprenden, esto se refleja en el Grado siguiente. &#xA0;En consecuencia, se entiende que aunque existe una planificaci&#xF3;n, esta no se lleva a&#xA0;cabalidad.El estudio recomienda, la producci&#xF3;n de la planificaci&#xF3;n en las diferentes etapas del tiempo escolar. Tener una planificaci&#xF3;n actualizada en todo momento, fundamentalmente para ir definiendo la situaci&#xF3;n del proceso de aprendizaje y cada vez, superar las dificultades encontradas y velar por el cumplimiento de la misma.Para visualizar este estudio en su totalidad haga click aqu&#xED;</subfield>
  </datafield>
  <datafield tag="921" ind1=" " ind2=" ">
    <subfield code="a">16</subfield>
  </datafield>
  <datafield tag="922" ind1=" " ind2=" ">
    <subfield code="a">16</subfield>
  </datafield>
  <datafield tag="923" ind1=" " ind2=" ">
    <subfield code="a">0</subfield>
  </datafield>
  <datafield tag="924" ind1=" " ind2=" ">
    <subfield code="a">NO APLICA</subfield>
  </datafield>
  <datafield tag="942" ind1=" " ind2=" ">
    <subfield code="c">Tesis</subfield>
  </datafield>
  <datafield tag="999" ind1=" " ind2=" ">
    <subfield code="c">549</subfield>
    <subfield code="d">549</subfield>
  </datafield>
</record>
